000 01238cam a2200205 4500
001 WB@3612-452
008 040818n2004 000 0 eng u
035 _a(Sirsi) u127094
245 _aHouse prices freeze
260 _c2004
490 _aRICS Press Release
_v(pr075) 17 August 2004
520 _aThe latest "RICS housing market survey of Great Britain" reports that house prices have frozen for the first time in a year. In the last three months to July 2004, figures from chartered surveyor estate agents indicate price rises have slowed across most of the country. Prices are static in the Midlands and East Anglia, falling in some areas of southern England. Although there was a slight upturn in the supply of property on the market, seller activity was actually at a standstill in July. The survey can be found on the website: http://www.rics.org/ricscms/bin/show?class=MarketS urvey&template=/includes/showmarketsurvey.html&id= 97. http://www.rics.org/ricscms/bin/show?class=PressRe lease&template=/includes/showpr.html&id=1222&facul ty=RICS
590 _aWB
590 _aWB
650 _aINTEREST RATES
650 _aPROPERTY PRICES
650 _aHOUSING SURVEYS
690 _aHOUSING-HOUSE PRICES
942 _n0
999 _c117856
_d117856